La creatividad como transversalidad al proceso de educación musical

Saved in:
Bibliografiske detaljer
Main Authors: Díaz, Maravillas (Author), Frega, Ana Lucía (Author)
Format: Bog
Sprog:spansk
Udgivet: Salamanca Amarú 1998
Serier:Colección Música, Arte y Proceso, 5
Fag:
Tags: Tilføj Tag
Ingen Tags, Vær først til at tagge denne postø!

MARC

LEADER 00000nam a2200000 a 4500
001 UCN3506
003 CL-VaPUC
008 010629e19980000SP |||||||||||||||||spa|d
082 0 4 |a 372.87  |b DIA  |2 21 
100 0 |a Díaz, Maravillas  |e author  |9 460051 
700 0 |a Frega, Ana Lucía  |e author  |9 460052 
245 1 3 |a La creatividad como transversalidad al proceso de educación musical 
300 |a 79 p 
942 |c BK 
945 |d 20010629 00:00:00  |a cmena 
260 |a Salamanca  |b Amarú  |c 1998 
650 0 |a Educación musical   |9 310072 
650 0 |a Educación básica   |9 224933 
650 0 |a Estética   |9 264950 
650 0 |a Apreciación estética   |9 345969 
650 7 |a CREATIVIDAD MUSICAL  |2 CL-VaPUC  |9 425752 
650 0 |a Métodos de enseñanza  |9 270413 
583 |a last modification  |c 20010629 00:00:00  |k Rodrigo Vera 
490 0 |a Colección Música, Arte y Proceso, 5 
999 |c 296361  |d 296359 
952 |0 0  |1 0  |4 0  |6 372_870000000000000_DIA_1998  |7 0  |8 A  |9 350088  |a BIBEDU  |b BIBEDU  |d 2019-11-20  |i 373398K  |o 372.87 DIA 1998  |p 373398K  |r 2023-01-12  |w 2019-11-20  |y BK  |k MUS